00961nam a2200241 a 4500001001000000003000500010005001700015008004100032010001100073011001100084040000900095100003600104245015900140260004100299500006000340502007100400650006600471650001900537650004200556700003500598856001600633856007000649000113338CHAP20220329144349.0170608s2016 mx sm |||||||spa d a109799 a110771 cCHAP1 aCarrasco Arias, Jesús Taurino10aEstudio hidrogeológico del valle de Teotihuacán, Edo. de México /h[En línea]cpor Jesús Taurino Carrasco Arias y Diana Berenice Jimenéz Luna. aChapingo, Méx. :bEl autor,c2016. aPara ver el contenido del material haga clic en la liga aTesis (Ing. en Irrigación) -- UACH. Departamento de Irrigación14aAgua subterráneaxAprovechamientozTeotihuacán, Valle de.14aAguaxCalidad.14aAguaxUtilizaciónzMéxico (Edo.).1 aJiménez Luna, Diana Berenice a1 n0001302 aFinding aiduhttp://10.13.5.2/tesis/sist113338.pdfzTeclea aquí